• 首页
  • 本馆介绍
  • 公告通知
  • 最新文献
  • 馆藏检索
  • 电子资源
  • 读者导购
  • 参考咨询
  • 我的图书馆
  • 登录
  • 详细信息显示
  • 放入我的书架
  • 预约/预借图书
  • 作者相关作品
  • 分类相关作品
  • 丛书相关作品
  • 出版社相关作品

书目信息

  • 表格格式
  • 工作单格式
  • 卡片格式
题名:
强秦弱楚——张仪
    
 
作者: 金开诚 主编 ;管宝超 编著
分册:  
出版信息: 长春   吉林出版集团有限责任公司  2018
页数: 136页
开本: 22cm
丛书名:
单 册:
中图分类: B228.2
科图分类:
主题词:
电子资源:
ISBN: 978-7-5463-5043-1
000 00902nam0 2200253 45
001 012001012096
005 20140103165646.0
010    @a978-7-5463-5043-1@dCNY34.80
100    @a20111210d2011 em y0chiy0110 ea
101 0  @achi
102    @aCN@b220000
105    @aa z 000yb
106    @ar
200 1  @a强秦弱楚——张仪@9qiang qin ruo chu——zhang yi@f金开诚主编@g管宝超编著
210    @a长春@c吉林出版集团有限责任公司@d2018
215    @a136页@c图@d22cm
300    @a中国文化知识读本 中国古代文臣谋士
330    @a本书内容包括:张仪故里;开封张仪墓;楚国受辱,友人讥讽;苏秦激将,秦王重用;巧妙游说秦王;张仪之“破纵连横”;巧施连环,避祸于魏;张仪的历史地位和影响。
600  0 @a张仪@f(?-前310)@x生平事迹
690    @aB228.2@v4
701  0 @a金开诚@9jin kai cheng@4主编
702  0 @a管宝超@9guan bao chao@4编著
801  0 @aCN@b上海新华@c20191020
905    @b1139409-12@dB228.2@e934@f4
    
    强秦弱楚——张仪/金开诚主编/管宝超编著.-长春:吉林出版集团有限责任公司,2018
    136页:图;22cm
    中国文化知识读本 中国古代文臣谋士
    
    ISBN 978-7-5463-5043-1:CNY34.80
    本书内容包括:张仪故里;开封张仪墓;楚国受辱,友人讥讽;苏秦激将,秦王重用;巧妙游说秦王;张仪之“破纵连横”;巧施连环,避祸于魏;张仪的历史地位和影响。
●
相关链接 在E读中查询图书 在五车中查询图书 在当当中查询图书 在豆瓣中查询图书


正题名:强秦弱楚——张仪     索取号:B228.2/934         预约/预借

序号 登录号 条形码 馆藏地/架位号 状态 备注
1 1139409   211394098   第一样本阅览室/ [索取号:B228.2/934] 在馆    
2 1139410   211394105   第一借阅区/ [索取号:B228.2/934] 在馆    
3 1139411   211394114   第一借阅区/ [索取号:B228.2/934] 在馆    
4 1139412   211394123   第一借阅区/ [索取号:B228.2/934] 在馆    
唐山师范学院图书馆 欢迎您!
大连网信软件有限公司© 版权所有